Kereskedelmi bankok piaci helyzete Magyarországon

Bibliographic Details
Main Author: Pénzes Dávid Viktor
Other Authors: Mérő Dr. Katalin
Format: Thesis
Kulcsszavak:Banki hitelezés
Jelzáloghitel
Monetáris politika
Online Access:http://dolgozattar.uni-bge.hu/22503

MARC

LEADER 00000nta a2200000 i 4500
001 dolg22503
005 20190516174417.0
008 190516suuuu hu om 000 hun d
040 |a BGE Dolgozattár Repozitórium  |b hun 
041 |a hu 
100 1 |a Pénzes Dávid Viktor 
245 1 0 |a Kereskedelmi bankok piaci helyzete Magyarországon  |c Pénzes Dávid Viktor  |h [elektronikus dokumentum] 
695 |a Banki hitelezés 
695 |a Jelzáloghitel 
695 |a Monetáris politika 
700 1 |a Mérő Dr. Katalin  |e ths 
856 4 0 |u http://dolgozattar.uni-bge.hu/22503/1/Kereskedelmi%20bankok%20piaci%20helyzete%20Magyarorsz%C3%A1gon.pdf  |z Dokumentum-elérés